| 000 | 00448nam a2200181 a 4500 | ||
|---|---|---|---|
| 001 | 2669 | ||
| 003 | CO-ViMGA | ||
| 008 | 141112s2004 ck r 000 u spa d | ||
| 040 |
_aCO-ViMGA _bspa _cCO-ViMGA |
||
| 082 | 0 | 4 | _aCh 8663.44 A533s |
| 100 | 1 | _aAlegrÃa, Ciro | |
| 245 | 1 | 0 | _aLa serpiente de oro |
| 260 |
_aMadrid : _bAlianza, _c1995 |
||
| 300 | _a178 p | ||
| 490 | _aEl libro de bolsillo, 901 | ||
| 650 | 1 | 4 | _aNOVELA CHILENA |
| 942 |
_2ddc _cBK |
||
| 999 |
_c14744 _d14744 |
||